000 01065nam a2200277 a 4500
001 000025378
005 20200930023738.0
008 110215s1970 ve r 000 0 spa d
040 _aDO-SdBNP
_bspa
_cBNPHU
082 _axxxxx
_bR839a
245 0 3 _aEl rostro de América Latina /
_cAntonio L. Colajanni [et. al.]... ; traducción Fortunato Malan.
260 _aCaracas :
_bBiblioteca Universidad Central de Venezuela,
_c1970.
300 _a268 p. ;
_c20.5 cm.
490 1 _aTemas ;
_v34
500 _aEstos artífulos fueron publicados originalmente, en italiano, en la revista Ulisse, vol. IX, fasc. LXII, abril de 1968.
504 _aIncluye referencias bibliográficas y notas al pie de las páginas.
700 1 _aColajanni, Antonio L.
_951953
700 1 _aSantis, Sergio de
_951954
700 1 _aGiménez Landinez, Víctor Manuel
_951955
700 1 _aLivi, Augusto
_951956
700 1 _aMaza Zavala, D. F.
_951957
700 1 _aOrtega, Gregorio
_951958
700 1 _aMalan, Fortunato,
_etr.
_951959
830 0 _aTemas ;
_n34
_951960
049 _aBNGR
999 _c24870
_d24870